000 00440nam a2200169Ia 4500
003 GCL
008 140319s9999 xx 000 0 eng d
040 _aGCL /
_cGCL
082 0 4 _a956.95
_bS M
100 1 _aSALIBI, KAMAL
245 1 0 _aTHE MODERN HISTORY OF JORDAN /
_cSALIBI, KAMAL
260 _a[S.N] :
_bT.B TAURIS CO ،
_c1993
300 _a298 P
650 0 4 _aJORDAN - INTERVENTION
650 0 4 _aJORDAN - HISTORY
942 _2ddc
_cBK
999 _c13981
_d13981